00218nam a2200085Ia 4500001000800000005001700008008004100025245004800066260001800114120645320251017123530.0250824s9999 xx 000 0 und d 0aDAĞA ÇIKAN KURTcHALİDE EDİB ADIVAR bCAN YAYINLARI